Gaming Quiz

Random Gaming or Nintendo Quiz

(R)emix or (O)riginal: Mario Edition Quiz Stats

Quiz not verified by Sporcle

Challenge
Share
Tweet
Score 0/20 Timer 10:00
0 Plays Today
Time (R)emix or (O)riginal % Correct
0:38-0:52???
81.9%
0:53-1:12???
75.1%
1:49-2:15???
71.2%
3:18-3:38???
66.9%
4:29-4:46???
66.7%
5:05-5:21???
66.4%
2:58-3:17???
66.1%
5:43-6:02???
66.1%
1:29-1:48???
63%
6:03-6:23???
61.9%
Time (R)emix or (O)riginal % Correct
2:16-2:35???
61.6%
0:17-0:37???
61.3%
0:00-0:16???
56.8%
3:39-3:56???
51.7%
1:13-1:28???
49.2%
4:47-5:04???
48.3%
2:36-2:57???
48%
5:22-5:42???
45.8%
3:57-4:14???
39.5%
4:15-4:28???
39.3%

You're not logged in!

Compare scores with friends on all Sporcle quizzes.
Sign Up with Email
OR
Log In

You Might Also Like...

Show Comments

Extras

Top Quizzes Today


Score Distribution

Your Account Isn't Verified!

In order to create a playlist on Sporcle, you need to verify the email address you used during registration. Go to your Sporcle Settings to finish the process.